00223nam a2200097Ia 4500008004100000100001500041245003700056260001100093260000900104546001200113170619s9999 xx 000 0 und d aJain- R.K. 0aAdvanced Engineering Mathematics bNAROSA c2011 aENGLISH